Sylvain Bemba : l'écrivain, le journaliste, le musicien, 1934-1995 /
Saved in:
| Corporate Author: | |
|---|---|
| Other Authors: | , , |
| Format: | Book |
| Language: | French |
| Published: |
Paris :
L'Harmattan,
c1997.
|
| Series: | Critiques littéraires.
Publication (Université Marien Ngouabi. Département de littératures et civilisations africaines) |
| Subjects: | |
| Tags: |
Add Tag
No Tags, Be the first to tag this record!
|
| LEADER | 01547nam a2200337 a 4500 | ||
|---|---|---|---|
| 001 | 007711340-3 | ||
| 005 | 20020606104010.5 | ||
| 008 | 971114s1997 fr b 000 0 fre | ||
| 010 | |a 97215702 | ||
| 020 | |a 2738454232 | ||
| 035 | 0 | |a ocm38100991 | |
| 040 | |a DLC |c DLC | ||
| 050 | 0 | 0 | |a PQ3989.2.B3825 |b Z84 1997 |
| 072 | 7 | |a PQ |2 lcco | |
| 082 | 0 | 0 | |a 848 |2 21 |
| 245 | 0 | 0 | |a Sylvain Bemba : |b l'écrivain, le journaliste, le musicien, 1934-1995 / |c sous la direction de Mukala Kadima-Nzuji et André-Patient Bokiba ; publication du Département de littéraures et civilisations africaines de l'Université Marien Ngouabi de Brazzaville, Congo ; [textes de S. Bemba ... et al.]. |
| 260 | |a Paris : |b L'Harmattan, |c c1997. | ||
| 300 | |a 351 p. ; |c 22 cm. | ||
| 490 | 1 | |a Publication du Département de littératures et civilisations africaines de l'Université Marien Ngoubi de Brazzaville, Congo | |
| 490 | 1 | |a Critiques littéraires | |
| 504 | |a Includes bibliographical references. | ||
| 600 | 1 | 0 | |a Bemba, Sylvain, |d 1934- |x Criticism and interpretation. |
| 700 | 0 | |a Kadima Nzuji Mukala. | |
| 700 | 1 | |a Bokiba, André-Patient. | |
| 700 | 1 | |a Bemba, Sylvain, |d 1934- | |
| 710 | 2 | |a Université Marien Ngouabi. |b Département de littératures et civilisations africaines. | |
| 776 | 0 | 8 | |i Online version: |t Sylvain Bemba. |d Paris : L'Harmattan, ©1997 |w (OCoLC)605439548 |
| 830 | 0 | |a Critiques littéraires. | |
| 830 | 0 | |a Publication (Université Marien Ngouabi. Département de littératures et civilisations africaines) | |
| 988 | |a 20020608 | ||
| 906 | |0 DLC | ||


